<?xml version="1.0" encoding="UTF-8"?>
<collection xmlns="http://www.loc.gov/MARC21/slim">
<record>
  <controlfield tag="001">169915</controlfield>
  <controlfield tag="005">20260306154908.0</controlfield>
  <datafield tag="024" ind1="7" ind2=" ">
    <subfield code="2">doi</subfield>
    <subfield code="a">10.1016/j.geomorph.2026.110228</subfield>
  </datafield>
  <datafield tag="024" ind1="8" ind2=" ">
    <subfield code="2">sideral</subfield>
    <subfield code="a">148436</subfield>
  </datafield>
  <datafield tag="037" ind1=" " ind2=" ">
    <subfield code="a">ART-2026-148436</subfield>
  </datafield>
  <datafield tag="041" ind1=" " ind2=" ">
    <subfield code="a">eng</subfield>
  </datafield>
  <datafield tag="100" ind1=" " ind2=" ">
    <subfield code="a">Pérez-Villar, Guillermo</subfield>
    <subfield code="u">Universidad de Zaragoza</subfield>
    <subfield code="0">(orcid)0000-0002-6607-2395</subfield>
  </datafield>
  <datafield tag="245" ind1=" " ind2=" ">
    <subfield code="a">Erosion rates in rock salt exposures with diverse karren monitored by erosion pins, close-range photogrammetry and terrestrial laser scanner</subfield>
  </datafield>
  <datafield tag="260" ind1=" " ind2=" ">
    <subfield code="c">2026</subfield>
  </datafield>
  <datafield tag="520" ind1="3" ind2=" ">
    <subfield code="a">Published data on solutional erosion in rock salt exposures are scarce, hindering our ability to understand the evolution of emergent salt diapirs with a number of practical implications (e.g. long-term geostorage). The Bofia Gran karst depression at the actively rising Cardona salt diapir (NE Spain) has been used as a test site to assess chemical erosion on a salt outcrop with a wide diversity of karren. Denudation measurements obtained by using erosion pins, terrestrial laser scanner (TLS) and ground-based photogrammetry consistently indicate a robust relationship between rainfall and slope-normal erosion, with an average value of around 10 mm per 100 mm rainfall. The significant variability observed in the surface-normal erosion is mainly controlled by slope gradient and karren micro-topography. Surface-normal erosion increases linearly as the slope declines and the surface area that interacts with rainfall decreases. The comparison of high-resolution point clouds shows that the range of erosion values across specific karren increases with their complexity, with extreme situations found in planar solution bevels and rugged solution flutes. The empirical relationships between slope-normal erosion and both rainfall and slope can be used to model geomorphic evolution in rock salt exposures, as illustrated with the case of the Bofia Gran, where diapiric uplift overwhelms chemical erosion. The experience gained in this investigation suggests that photogrammetry using a conventional camera can be more effective than TLS for assessing erosion in areas on the order of square meters. It also illustrates the benefits of using erosion values normalized to precipitation to enable worldwide comparisons.</subfield>
  </datafield>
  <datafield tag="506" ind1="0" ind2=" ">
    <subfield code="a">Access copy available to the general public</subfield>
    <subfield code="f">Unrestricted</subfield>
  </datafield>
  <datafield tag="536" ind1=" " ind2=" ">
    <subfield code="9">info:eu-repo/grantAgreement/ES/AEI/PID2021-123189NB-I00</subfield>
    <subfield code="9">info:eu-repo/grantAgreement/ES/MICINN PRE2022-101600</subfield>
  </datafield>
  <datafield tag="540" ind1=" " ind2=" ">
    <subfield code="9">info:eu-repo/semantics/openAccess</subfield>
    <subfield code="a">by-nc</subfield>
    <subfield code="u">https://creativecommons.org/licenses/by-nc/4.0/deed.es</subfield>
  </datafield>
  <datafield tag="655" ind1=" " ind2="4">
    <subfield code="a">info:eu-repo/semantics/article</subfield>
    <subfield code="v">info:eu-repo/semantics/publishedVersion</subfield>
  </datafield>
  <datafield tag="700" ind1=" " ind2=" ">
    <subfield code="a">Gutiérrez, Francisco</subfield>
    <subfield code="u">Universidad de Zaragoza</subfield>
    <subfield code="0">(orcid)0000-0002-5407-940X</subfield>
  </datafield>
  <datafield tag="700" ind1=" " ind2=" ">
    <subfield code="a">Benito-Calvo, Alfonso</subfield>
  </datafield>
  <datafield tag="700" ind1=" " ind2=" ">
    <subfield code="a">Roqué, Carles</subfield>
  </datafield>
  <datafield tag="710" ind1="2" ind2=" ">
    <subfield code="1">2000</subfield>
    <subfield code="2">427</subfield>
    <subfield code="a">Universidad de Zaragoza</subfield>
    <subfield code="b">Dpto. Ciencias de la Tierra</subfield>
    <subfield code="c">Área Geodinámica Externa</subfield>
  </datafield>
  <datafield tag="773" ind1=" " ind2=" ">
    <subfield code="g">500 (2026), 110228 [14 pp.]</subfield>
    <subfield code="p">Geomorphology</subfield>
    <subfield code="t">GEOMORPHOLOGY</subfield>
    <subfield code="x">0169-555X</subfield>
  </datafield>
  <datafield tag="856" ind1="4" ind2=" ">
    <subfield code="s">18519638</subfield>
    <subfield code="u">http://zaguan.unizar.es/record/169915/files/texto_completo.pdf</subfield>
    <subfield code="y">Versión publicada</subfield>
  </datafield>
  <datafield tag="856" ind1="4" ind2=" ">
    <subfield code="s">2576874</subfield>
    <subfield code="u">http://zaguan.unizar.es/record/169915/files/texto_completo.jpg?subformat=icon</subfield>
    <subfield code="x">icon</subfield>
    <subfield code="y">Versión publicada</subfield>
  </datafield>
  <datafield tag="909" ind1="C" ind2="O">
    <subfield code="o">oai:zaguan.unizar.es:169915</subfield>
    <subfield code="p">articulos</subfield>
    <subfield code="p">driver</subfield>
  </datafield>
  <datafield tag="951" ind1=" " ind2=" ">
    <subfield code="a">2026-03-06-14:50:24</subfield>
  </datafield>
  <datafield tag="980" ind1=" " ind2=" ">
    <subfield code="a">ARTICLE</subfield>
  </datafield>
</record>
</collection>